Vidéos de musique les plus vues par pays européen - Statistiques

Statistiques générales
  • Ce quiz a été pris 182 fois
    110 depuis la dernière actualisation
  • Le résultat moyen est 6 sur 15
Statistiques - réponses
Titre Vues Pays Artiste % Correct
Shape of You 6,5 Md Royaume-Uni Ed Sheeran
98%
Wake Me Up 2,4 Md Suède Avicii
67%
Lean On (avec Major Lazer, feat. ??) 3,8 Md France DJ Snake
60%
New Rules 3,1 Md Albanie (et R-U) Dua Lipa
51%
Faded 3,8 Md Norvège (et R-U) Alan Walker
49%
What Makes You Beautiful 1,6 Md Irlande (et R-U) One Direction
45%
Animals 1,8 Md Pays-Bas Martin Garrix
44%
Somebody That I Used To Know (ft. Kimbra) 2,5 Md Belgique Gotye
41%
Bailando (ft. Descemer Bueno, Gente De Zona) 3,7 Md Espagne Enrique Iglesias
36%
Wind Of Change 1,1 Md Allemagne Scorpions
28%
Lean On (feat. ?? et Major Lazer) 3,8 Md Danemark
17%
In My Mind 1,2 Md Italie Gigi D'Agostino
6%
Bonbon 962 M Kosovo(/Serbie) Era Istrefi
4%
In My Mind 1,2 Md Lituanie Dynoro
3%
Stereo Love (duo de deux artistes roumains) 711 M Roumanie Edward Maya & Vika Jigulina
2%
Aucun quiz correspondant
Distribution des résultats
% des personnes avec chaque résultat
Percentile par nombre de réponses
Votre historique - résultats
Vous n’avez pas pris ce quiz depuis la dernière actualisation